Estadísticas para 15 principales países afectados por Covid19 - 4 de mayo

Haz click aquí para intentar la prueba.

Estadísticas generales

  • Esta prueba ha sido intentada 8 veces
  • La puntuación promedio es 15 de 24

Estadísticas de respuestas

país% Correcto
España
100%
Estados Unidos
100%
Italia
100%
Alemania
86%
Bélgica
86%
Bélgica
86%
Brasil
86%
China
86%
Canadá
71%
Francia
71%
Irán
71%
Reino Unido
71%
Rusia
71%
Suecia
71%
India
57%
Países Bajos
57%
Suiza
57%
Irlanda
43%
Portugal
43%
Singapur
29%
Turquía
29%
Baréin
14%
Catar
14%
Perú
14%

Distribución de puntuación

Porcentaje por número respondido

Porcentaje de gente con cada puntuación

Historial de tus puntuaciones

No has intentado esta prueba.